| 000 | 02096cam a22003497a 4500 | ||
|---|---|---|---|
| 001 | 17746280 | ||
| 003 | NUST | ||
| 005 | 20221115115221.0 | ||
| 008 | 130521s2013 enka b 001 0 eng d | ||
| 010 | _a 2012554293 | ||
| 015 |
_aGBB264121 _2bnb |
||
| 020 | _a978-93-5107-030-6 (hbk.) | ||
| 020 | _a012385055X (hbk.) | ||
| 035 | _a(OCoLC)ocn828894097 | ||
| 040 |
_aStDuBDS _beng _cCUD _dOCLCO _dCDX _dFDA _dWAU _dDLC |
||
| 042 | _alccopycat | ||
| 050 | 0 | 0 |
_aTK5103.4836 _b.C58 2013 |
| 050 | 1 | 4 |
_aTK5103.2 _b.O37 2013 |
| 082 | 0 | 4 |
_a621.384, CLE _223 |
| 100 | 1 |
_aClerckx, Bruno. _9102614 |
|
| 245 | 1 | 0 |
_aMIMO wireless networks : _bchannels, techniques and standards for multi-antenna, multi-user and multi-cell systems. |
| 250 |
_a2nd ed. / _bBruno Clerckx and Claude Oestges. |
||
| 260 |
_aOxford ; _aWaltham , MA : _bAcademic Press, _c2013. |
||
| 300 |
_axxxviii, 733 p. : _bill. ; _c25 cm. |
||
| 505 | 0 | _aIntroduction to multi-antenna communications (Page-1), From multi-dimensional propagation to multi-link MIMO channels (Page-29),Analytical MIMO channel representations for system design (Page-59),Physical MIMO channel models for performance simulation (Page-101),Capacity of single-link MIMO channels (Page-125),Space-time coding over I.I.D. Rayleigh flat fading channels (Page-173),MIMO receiver design : detection and channel estimation (Page-237),Error probability in real-world MIMO channels (Page-263),Space-time coding over real-world MIMO channels with no transmit channel knowledge (Page-295),Space-time coding with partial transmit channel knowledge (Page-335),Space-time coding for frequency selective channels (Page-385),Multi-user MIMO (Page-419),Multi-cell MIMO (Page-525), MIMO in LTE, LTE-advanced and WiMAX (Page-597),MIMO-OFDMA system level evaluation (Page-937). | |
| 650 | 0 |
_aMIMO systems. _997438 |
|
| 700 | 1 |
_aOestges, Claude. _9102615 |
|
| 700 | 1 |
_aOestges, Claude. _tMIMO wireless communications. _f2007. _9102616 |
|
| 906 |
_a7 _bcbc _ccopycat _d2 _encip _f20 _gy-gencatlg |
||
| 942 |
_2ddc _cBK |
||
| 999 |
_c592305 _d592305 |
||